[Event "Bundesliga 9899"]
[Site "Deutschland"]
[Date "1999.03.20"]
[Round "12.8"]
[White "Scholz, Christian"]
[Black "Kratochwil, Christian"]
[Result "1-0"]
[WhiteElo "2275"]
[BlackElo "2280"]
[PlyCount "57"]
[EventDate "1998.10.17"]
[EventType "team"]
[EventRounds "15"]
[EventCountry "GER"]
[SourceTitle "Bundesliga 9899"]
[Source "DeepChess"]
[SourceDate "2005.01.01"]
[SourceVersion "1"]
[SourceVersionDate "2005.01.01"]
[SourceQuality "1"]
[WhiteTeam "SG Bochum 31"]
[BlackTeam "SK Viernheim"]
[WhiteTeamCountry "GER"]
[BlackTeamCountry "GER"]

1. d4 Nf6 2. c4 e5 3. dxe5 Ne4 4. Nd2 Nc5 5. Ngf3 Nc6 6. g3 d6 7. exd6 Qxd6 8.
Bg2 Bf5 9. O-O O-O-O 10. a3 Qf6 11. Qe1 Bd6 12. Ra2 Rhe8 13. Qd1 Qe7 14. b4 Ne4
15. Nxe4 Bxe4 16. Qa4 Kb8 17. Be3 Be5 18. Bc5 Bd6 19. Be3 Be5 20. Rd1 Rxd1+ 21.
Qxd1 Bc3 22. Qb3 Bf6 23. Rd2 g5 24. Qa4 b6 25. Nxg5 Bxg2 26. Kxg2 Ne5 27. Ne4
Bg7 28. Nc5 Nxc4 29. Rd7 1-0

[Event "Bundesliga 9899"]
[Site "Deutschland"]
[Date "1999.03.20"]
[Round "12.1"]
[White "Sokolovs, Andrei"]
[Black "Rozentalis, Eduardas"]
[Result "1-0"]
[WhiteElo "2490"]
[BlackElo "2577"]
[PlyCount "91"]
[EventDate "1998.10.17"]
[EventType "team"]
[EventRounds "15"]
[EventCountry "GER"]
[SourceTitle "Bundesliga 9899"]
[Source "DeepChess"]
[SourceDate "2005.01.01"]
[SourceVersion "1"]
[SourceVersionDate "2005.01.01"]
[SourceQuality "1"]
[WhiteTeam "SK Zaehringen 1921"]
[BlackTeam "SV Castrop Rauxel 1923"]
[WhiteTeamCountry "GER"]
[BlackTeamCountry "GER"]

1. e4 e5 2. Nf3 Nf6 3. Nxe5 d6 4. Nf3 Nxe4 5. d4 d5 6. Bd3 Nc6 7. O-O Be7 8. c4
Nf6 9. Nc3 O-O 10. h3 Nb4 11. Be2 Bf5 12. a3 Nc6 13. Be3 dxc4 14. Bxc4 Ne4 15.
Re1 Bf6 16. Nd5 Nd6 17. Ba2 Be4 18. Rc1 Bxd5 19. Bxd5 Ne7 20. Ba2 c6 21. Bf4
Nb5 22. Be5 Ng6 23. Qb3 Nxd4 24. Bxd4 Bxd4 25. Rcd1 c5 26. Nxd4 cxd4 27. Re4
Rc8 28. Rexd4 Qg5 29. Qxb7 Rb8 30. Bxf7+ Kh8 31. Qd5 Qxd5 32. Bxd5 Rxb2 33.
R4d2 Rxd2 34. Rxd2 Nf4 35. Bc4 g6 36. h4 Rc8 37. Rd4 Nh5 38. g4 Nf6 39. Kg2 h6
40. g5 hxg5 41. hxg5 Nh7 42. f4 Nf8 43. Kf3 Kg7 44. Ke3 Rc7 45. Re4 Rc5 46. a4
1-0

[Event "Bundesliga 9899"]
[Site "Deutschland"]
[Date "1999.03.20"]
[Round "12.4"]
[White "Gallagher, Joseph G"]
[Black "Siegel, Georg"]
[Result "1/2-1/2"]
[WhiteElo "2519"]
[BlackElo "2483"]
[PlyCount "43"]
[EventDate "1998.10.17"]
[EventType "team"]
[EventRounds "15"]
[EventCountry "GER"]
[SourceTitle "Bundesliga 9899"]
[Source "DeepChess"]
[SourceDate "2005.01.01"]
[SourceVersion "1"]
[SourceVersionDate "2005.01.01"]
[SourceQuality "1"]
[WhiteTeam "SV Castrop Rauxel 1923"]
[BlackTeam "SK Zaehringen 1921"]
[WhiteTeamCountry "GER"]
[BlackTeamCountry "GER"]

1. e4 d5 2. exd5 Qxd5 3. Nc3 Qa5 4. d4 c6 5. Nf3 Nf6 6. Bc4 Bf5 7. Bd2 e6 8.
Ne4 Qc7 9. Nxf6+ gxf6 10. Nh4 Bg6 11. Qf3 Nd7 12. O-O-O Bd6 13. Rhe1 O-O-O 14.
h3 c5 15. Nxg6 hxg6 16. dxc5 Qxc5 17. Qe2 Qc7 18. Kb1 Kb8 19. Bc3 Be5 20. Bb4
Rh4 21. Be7 Re8 22. Ba3 1/2-1/2

[Event "Bundesliga 9899"]
[Site "Deutschland"]
[Date "1999.03.20"]
[Round "12.5"]
[White "Roos, Daniel"]
[Black "Hoffmann, Michael"]
[Result "1/2-1/2"]
[WhiteElo "2425"]
[BlackElo "2407"]
[PlyCount "40"]
[EventDate "1998.10.17"]
[EventType "team"]
[EventRounds "15"]
[EventCountry "GER"]
[SourceTitle "Bundesliga 9899"]
[Source "DeepChess"]
[SourceDate "2005.01.01"]
[SourceVersion "1"]
[SourceVersionDate "2005.01.01"]
[SourceQuality "1"]
[WhiteTeam "SK Zaehringen 1921"]
[BlackTeam "SV Castrop Rauxel 1923"]
[WhiteTeamCountry "GER"]
[BlackTeamCountry "GER"]

1. Nf3 Nf6 2. g3 d5 3. Bg2 e6 4. O-O Be7 5. c4 O-O 6. b3 b6 7. Bb2 Bb7 8. d3 c5
9. e3 Nc6 10. Qe2 Qc7 11. Nc3 dxc4 12. dxc4 a6 13. Rad1 Rad8 14. Rxd8 Rxd8 15.
Rd1 Ne8 16. Na4 Bf6 17. Bxf6 Nxf6 18. Rxd8+ Nxd8 19. Nc3 Ne4 20. Nxe4 Bxe4
1/2-1/2

[Event "Bundesliga 9899"]
[Site "Deutschland"]
[Date "1999.03.20"]
[Round "12.6"]
[White "Watson, William N"]
[Black "Vatter, Hans Joachim"]
[Result "1-0"]
[WhiteElo "2525"]
[BlackElo "2412"]
[PlyCount "85"]
[EventDate "1998.10.17"]
[EventType "team"]
[EventRounds "15"]
[EventCountry "GER"]
[SourceTitle "Bundesliga 9899"]
[Source "DeepChess"]
[SourceDate "2005.01.01"]
[SourceVersion "1"]
[SourceVersionDate "2005.01.01"]
[SourceQuality "1"]
[WhiteTeam "SV Castrop Rauxel 1923"]
[BlackTeam "SK Zaehringen 1921"]
[WhiteTeamCountry "GER"]
[BlackTeamCountry "GER"]

1. e4 c5 2. Nf3 e6 3. d4 cxd4 4. Nxd4 a6 5. Nc3 Qc7 6. Bd3 Nf6 7. O-O d6 8. f4
Nbd7 9. Nf3 b5 10. Qe1 Bb7 11. Bd2 Be7 12. e5 Nd5 13. Qg3 g6 14. Rae1 dxe5 15.
fxe5 Nxc3 16. bxc3 Bxf3 17. Rxf3 O-O 18. Bh6 Rac8 19. h4 Nc5 20. Bxf8 Rxf8 21.
h5 Nxd3 22. cxd3 Qxc3 23. Ref1 Qd4+ 24. Kh1 Qh4+ 25. Qxh4 Bxh4 26. hxg6 hxg6
27. Rc1 Bd8 28. Rc8 a5 29. Rb8 b4 30. Rb7 Bg5 31. Ra7 Bd8 32. Ra6 Bc7 33. d4
Rd8 34. Rf4 Rc8 35. Rc6 Kf8 36. Rxe6 Rb8 37. Rc6 Bd8 38. e6 f6 39. d5 a4 40. d6
b3 41. e7+ Bxe7 42. dxe7+ Kxe7 43. Rf1 1-0

[Event "Bundesliga 9899"]
[Site "Deutschland"]
[Date "1999.03.20"]
[Round "12.7"]
[White "Toth, Bela"]
[Black "Appel, Ralf"]
[Result "1-0"]
[WhiteElo "2385"]
[BlackElo "2490"]
[PlyCount "59"]
[EventDate "1998.10.17"]
[EventType "team"]
[EventRounds "15"]
[EventCountry "GER"]
[SourceTitle "Bundesliga 9899"]
[Source "DeepChess"]
[SourceDate "2005.01.01"]
[SourceVersion "1"]
[SourceVersionDate "2005.01.01"]
[SourceQuality "1"]
[WhiteTeam "SK Zaehringen 1921"]
[BlackTeam "SV Castrop Rauxel 1923"]
[WhiteTeamCountry "GER"]
[BlackTeamCountry "GER"]

1. d4 Nf6 2. c4 g6 3. Nc3 Bg7 4. e4 O-O 5. Nf3 c6 6. Bd3 d6 7. h3 a6 8. O-O b5
9. a3 bxc4 10. Bxc4 d5 11. Bd3 dxe4 12. Nxe4 Be6 13. Re1 Bd5 14. Bf4 Nbd7 15.
Rc1 Qb6 16. Qd2 Rfd8 17. Qc2 a5 18. Ned2 Qa7 19. Rxe7 Bxf3 20. Nxf3 Nd5 21.
Rxf7 Kxf7 22. Ng5+ Kg8 23. Qxc6 N7f6 24. Qe6+ Kh8 25. Rc7 h6 26. Nf7+ Kh7 27.
Rxa7 Rxa7 28. Nxd8 Nxf4 29. Qb6 Re7 30. Bc4 1-0

[Event "Bundesliga 9899"]
[Site "Deutschland"]
[Date "1999.03.20"]
[Round "12.8"]
[White "Hennig, Dirk"]
[Black "Maier, Christian"]
[Result "1/2-1/2"]
[WhiteElo "2439"]
[BlackElo "2353"]
[PlyCount "60"]
[EventDate "1998.10.17"]
[EventType "team"]
[EventRounds "15"]
[EventCountry "GER"]
[SourceTitle "Bundesliga 9899"]
[Source "DeepChess"]
[SourceDate "2005.01.01"]
[SourceVersion "1"]
[SourceVersionDate "2005.01.01"]
[SourceQuality "1"]
[WhiteTeam "SV Castrop Rauxel 1923"]
[BlackTeam "SK Zaehringen 1921"]
[WhiteTeamCountry "GER"]
[BlackTeamCountry "GER"]

1. d4 Nf6 2. c4 g6 3. Nc3 Bg7 4. Bg5 d6 5. Nf3 O-O 6. e3 c5 7. Be2 Nc6 8. d5
Ne5 9. Nxe5 dxe5 10. e4 b6 11. h4 h6 12. Bxf6 Bxf6 13. h5 Bg5 14. Bg4 a6 15. g3
Kg7 16. Qe2 b5 17. Kf1 b4 18. Na4 Bxg4 19. Qxg4 f5 20. Qe2 Qd6 21. Kg2 f4 22.
Qg4 Rf6 23. hxg6 Rxg6 24. Qh5 Rf8 25. Rh3 fxg3 26. Rxg3 Rf4 27. Re1 Rh4 28. Qf3
Rf4 29. Qh5 Rh4 30. Qf3 Rf4 1/2-1/2

[Event "Bundesliga 9899"]
[Site "Deutschland"]
[Date "1999.03.21"]
[Round "13.1"]
[White "Movsesian, Sergei"]
[Black "Rogers, Ian"]
[Result "1-0"]
[WhiteElo "2650"]
[BlackElo "2618"]
[PlyCount "99"]
[EventDate "1998.10.17"]
[EventType "team"]
[EventRounds "15"]
[EventCountry "GER"]
[SourceTitle "Bundesliga 9899"]
[Source "DeepChess"]
[SourceDate "2005.01.01"]
[SourceVersion "1"]
[SourceVersionDate "2005.01.01"]
[SourceQuality "1"]
[WhiteTeam "SF Neukoelln 03 e.V."]
[BlackTeam "Delmenhorster SK 1931"]
[WhiteTeamCountry "GER"]
[BlackTeamCountry "GER"]

1. e4 c6 2. d4 d5 3. Nc3 dxe4 4. Nxe4 Nd7 5. Bd3 Ndf6 6. Ng5 g6 7. c3 Bg7 8.
N1f3 Nh6 9. h3 Nf5 10. Ne5 O-O 11. O-O Nd6 12. Re1 Bf5 13. Bf1 Qc7 14. Ngf3
Rad8 15. Bf4 Qb6 16. Qc1 c5 17. a4 a5 18. Be3 cxd4 19. Nxd4 Qc7 20. Bf4 Qc8 21.
Bh2 Nd5 22. Nb5 Nxb5 23. axb5 f6 24. Nf3 e5 25. Rxa5 g5 26. Ra4 Kh8 27. c4 Nf4
28. Bxf4 gxf4 29. c5 Rg8 30. Kh1 Bf8 31. c6 b6 32. Qc3 Qc7 33. Rxf4 exf4 34.
Qxf6+ Bg7 35. Qxf5 Rgf8 36. Qh5 Qf7 37. Qxf7 Rxf7 38. Bc4 Ra7 39. Ng5 Rf8 40.
Nf7+ Kg8 41. Ne5+ Kh8 42. Nd7 Rd8 43. Nxb6 Bd4 44. Nd5 Rxd5 45. Bxd5 Bxf2 46.
Rc1 Bb6 47. h4 Kg7 48. Bf3 Kf6 49. Kh2 Rg7 50. Ra1 1-0

[Event "Bundesliga 9899"]
[Site "Deutschland"]
[Date "1999.03.21"]
[Round "13.2"]
[White "Conquest, Stuart"]
[Black "Stohl, Igor"]
[Result "1/2-1/2"]
[WhiteElo "2488"]
[BlackElo "2561"]
[PlyCount "39"]
[EventDate "1998.10.17"]
[EventType "team"]
[EventRounds "15"]
[EventCountry "GER"]
[SourceTitle "Bundesliga 9899"]
[Source "DeepChess"]
[SourceDate "2005.01.01"]
[SourceVersion "1"]
[SourceVersionDate "2005.01.01"]
[SourceQuality "1"]
[WhiteTeam "Delmenhorster SK 1931"]
[BlackTeam "SF Neukoelln 03 e.V."]
[WhiteTeamCountry "GER"]
[BlackTeamCountry "GER"]

1. e4 c6 2. d3 d5 3. Nd2 g6 4. g3 Bg7 5. Bg2 e5 6. Ngf3 Ne7 7. O-O O-O 8. b4 a5
9. bxa5 Qxa5 10. a4 Qc7 11. Bb2 Rd8 12. Qb1 c5 13. exd5 Nxd5 14. Ne4 b6 15.
Nfd2 Nc6 16. Nc3 Nxc3 17. Bxc3 Rb8 18. Re1 Nd4 19. Qd1 Ba6 20. Nf3 1/2-1/2

[Event "Bundesliga 9899"]
[Site "Deutschland"]
[Date "1999.03.21"]
[Round "13.6"]
[White "Breutigam, Martin"]
[Black "Polzin, Rainer"]
[Result "1/2-1/2"]
[WhiteElo "2365"]
[BlackElo "2443"]
[PlyCount "82"]
[EventDate "1998.10.17"]
[EventType "team"]
[EventRounds "15"]
[EventCountry "GER"]
[SourceTitle "Bundesliga 9899"]
[Source "DeepChess"]
[SourceDate "2005.01.01"]
[SourceVersion "1"]
[SourceVersionDate "2005.01.01"]
[SourceQuality "1"]
[WhiteTeam "Delmenhorster SK 1931"]
[BlackTeam "SF Neukoelln 03 e.V."]
[WhiteTeamCountry "GER"]
[BlackTeamCountry "GER"]

1. d4 Nf6 2. Bg5 e6 3. e4 h6 4. Bxf6 Qxf6 5. Nc3 Bb4 6. Qd2 d6 7. Nf3 Nd7 8. a3
Ba5 9. Bd3 O-O 10. O-O c6 11. b4 Bc7 12. Ne2 e5 13. Ng3 Nb6 14. Ne1 d5 15. f4
dxe4 16. fxe5 Qd8 17. Bxe4 Bxe5 18. Nf3 Bxg3 19. hxg3 Be6 20. c3 Nc4 21. Qf2 a5
22. Bd3 Qd5 23. Rfe1 Rfe8 24. Ne5 Nxe5 25. Rxe5 Qb3 26. Rf1 Bc4 27. Bxc4 Qxc4
28. Rc5 Qb3 29. bxa5 Re7 30. Qf4 Qxa3 31. Qd6 Rae8 32. Rxc6 Qxa5 33. Rc8 Rxc8
34. Qxe7 Qxc3 35. Qxf7+ Kh8 36. Qf4 Rd8 37. Rd1 Qc2 38. Rd2 Qc1+ 39. Kh2 b5 40.
d5 Qc4 41. Rd1 Qc5 1/2-1/2

[Event "Bundesliga 9899"]
[Site "Deutschland"]
[Date "1999.03.21"]
[Round "13.7"]
[White "Thiede, Lars"]
[Black "Jugelt, Tobias"]
[Result "0-1"]
[WhiteElo "2402"]
[BlackElo "2363"]
[PlyCount "132"]
[EventDate "1998.10.17"]
[EventType "team"]
[EventRounds "15"]
[EventCountry "GER"]
[SourceTitle "Bundesliga 9899"]
[Source "DeepChess"]
[SourceDate "2005.01.01"]
[SourceVersion "1"]
[SourceVersionDate "2005.01.01"]
[SourceQuality "1"]
[WhiteTeam "SF Neukoelln 03 e.V."]
[BlackTeam "Delmenhorster SK 1931"]
[WhiteTeamCountry "GER"]
[BlackTeamCountry "GER"]

1. g3 d5 2. Bg2 c6 3. Nf3 Nf6 4. b3 Bg4 5. Bb2 Nbd7 6. O-O e6 7. d3 Be7 8. Nbd2
O-O 9. e4 a5 10. a3 Ne8 11. Qe2 Nc7 12. h3 Bxf3 13. Nxf3 c5 14. exd5 exd5 15.
d4 Bf6 16. Rab1 Re8 17. Qd3 Ra6 18. h4 Rd6 19. Bh3 cxd4 20. Bxd4 Ne6 21. Bxe6
Rdxe6 22. Rbd1 Qc7 23. Bxf6 Nxf6 24. Kg2 Qc5 25. a4 Re4 26. Nd4 g6 27. Qb5 Qc7
28. Rd3 Kg7 29. Rfd1 Re1 30. Rxe1 Rxe1 31. Rf3 Qe5 32. Qd3 Re4 33. c3 b6 34.
Qd2 Re1 35. Qf4 Qxf4 36. Rxf4 Rc1 37. Rf3 Ne4 38. Nb5 Rc2 39. Kg1 Rb2 40. Nd4
Nc5 41. Kg2 Kf8 42. Re3 Nxb3 43. Nxb3 Rxb3 44. Rd3 Ke7 45. Rxd5 Rxc3 46. Rb5
Rc6 47. h5 Kd6 48. hxg6 hxg6 49. Rb3 Kc7 50. Re3 Re6 51. Rc3+ Kb7 52. Rd3 Ka6
53. f4 f5 54. Kh3 b5 55. axb5+ Kxb5 56. Kh4 Ra6 57. g4 fxg4 58. Kxg4 a4 59. Kg5
a3 60. Rd1 a2 61. Ra1 Kc4 62. Rc1+ Kb3 63. Rg1 a1=Q 64. Rxa1 Rxa1 65. Kxg6 Kc4
66. f5 Kd5 0-1

[Event "Bundesliga 9899"]
[Site "Deutschland"]
[Date "1999.03.21"]
[Round "13.8"]
[White "Wesseln, Kai"]
[Black "Rudolf, Henrik"]
[Result "1-0"]
[WhiteElo "2345"]
[BlackElo "2338"]
[PlyCount "157"]
[EventDate "1998.10.17"]
[EventType "team"]
[EventRounds "15"]
[EventCountry "GER"]
[SourceTitle "Bundesliga 9899"]
[Source "DeepChess"]
[SourceDate "2005.01.01"]
[SourceVersion "1"]
[SourceVersionDate "2005.01.01"]
[SourceQuality "1"]
[WhiteTeam "Delmenhorster SK 1931"]
[BlackTeam "SF Neukoelln 03 e.V."]
[WhiteTeamCountry "GER"]
[BlackTeamCountry "GER"]

1. c4 g6 2. g3 Bg7 3. Bg2 d6 4. Nf3 Nf6 5. O-O O-O 6. Nc3 e5 7. d3 Nc6 8. Rb1
a5 9. a3 h6 10. b4 axb4 11. axb4 Be6 12. b5 Ne7 13. Bb2 Qd7 14. Re1 Bh3 15. Bh1
Ng4 16. Qb3 Kh8 17. Nd5 Nxd5 18. cxd5 b6 19. Rec1 f5 20. Rc6 g5 21. Rbc1 Ra7
22. Qc4 Rf7 23. Bg2 Bxg2 24. Kxg2 Re7 25. e4 Nf6 26. Ra1 Rxa1 27. Bxa1 Ne8 28.
h3 Rf7 29. Nh2 h5 30. f3 g4 31. hxg4 fxg4 32. fxg4 hxg4 33. Qc2 Bf6 34. Qe2 Rg7
35. Bc3 Rg6 36. Bd2 Qh7 37. Nf1 Bg5 38. Bxg5 Rxg5 39. Qf2 Kg8 40. Ne3 Qh3+ 41.
Kg1 Rg7 42. Qh2 Qxh2+ 43. Kxh2 Kf8 44. Rc1 Nf6 45. Kg2 Ke8 46. Rh1 Kf8 47. Rh6
Kf7 48. Kf2 Rg5 49. Rh8 Rg8 50. Rh4 Rg5 51. Nf5 Kf8 52. Rh8+ Rg8 53. Rh6 Kf7
54. Rh1 Rg5 55. Rc1 Ne8 56. Ke3 Rh5 57. d4 Rh2 58. dxe5 dxe5 59. Rc6 Rb2 60.
Nh6+ Ke7 61. Re6+ Kf8 62. Rxe5 Rxb5 63. Nxg4 Rb3+ 64. Kf2 b5 65. Ne3 Nd6 66.
Nf5 Rb2+ 67. Kf3 Nf7 68. Re7 Rc2 69. e5 b4 70. e6 Ne5+ 71. Ke3 Nc4+ 72. Kd3
Rc3+ 73. Ke2 Nd6 74. g4 b3 75. Rh7 Kg8 76. Rg7+ Kf8 77. e7+ Ke8 78. Rg8+ Kf7
79. Rf8+ 1-0

[Event "Bundesliga 9899"]
[Site "Deutschland"]
[Date "1999.03.21"]
[Round "13.1"]
[White "Almasi, Zoltan"]
[Black "Hracek, Zbynek"]
[Result "1/2-1/2"]
[WhiteElo "2665"]
[BlackElo "2615"]
[PlyCount "28"]
[EventDate "1998.10.17"]
[EventType "team"]
[EventRounds "15"]
[EventCountry "GER"]
[SourceTitle "Bundesliga 9899"]
[Source "DeepChess"]
[SourceDate "2005.01.01"]
[SourceVersion "1"]
[SourceVersionDate "2005.01.01"]
[SourceQuality "1"]
[WhiteTeam "Dresdner SC 1898"]
[BlackTeam "SAbt SV Werder Bremen"]
[WhiteTeamCountry "GER"]
[BlackTeamCountry "GER"]

1. e4 c5 2. Nf3 d6 3. d4 cxd4 4. Nxd4 Nf6 5. Nc3 a6 6. Be3 e6 7. g4 h6 8. f4 e5
9. Nf5 h5 10. gxh5 exf4 11. Bxf4 Nxh5 12. Nxd6+ Bxd6 13. Bxd6 Qh4+ 14. Kd2 Qg5+
1/2-1/2

[Event "Bundesliga 9899"]
[Site "Deutschland"]
[Date "1999.03.21"]
[Round "13.2"]
[White "Kindermann, Stefan"]
[Black "Lanka, Zigurds"]
[Result "1/2-1/2"]
[WhiteElo "2541"]
[BlackElo "2521"]
[PlyCount "34"]
[EventDate "1998.10.17"]
[EventType "team"]
[EventRounds "15"]
[EventCountry "GER"]
[SourceTitle "Bundesliga 9899"]
[Source "DeepChess"]
[SourceDate "2005.01.01"]
[SourceVersion "1"]
[SourceVersionDate "2005.01.01"]
[SourceQuality "1"]
[WhiteTeam "SAbt SV Werder Bremen"]
[BlackTeam "Dresdner SC 1898"]
[WhiteTeamCountry "GER"]
[BlackTeamCountry "GER"]

1. e4 c5 2. d3 g6 3. g3 Bg7 4. Bg2 Nc6 5. f4 d6 6. Nf3 e6 7. O-O Nge7 8. c3 O-O
9. Na3 Rb8 10. Nc2 b6 11. Be3 h6 12. d4 f5 13. exf5 gxf5 14. Re1 Qc7 15. Bf2
Nd5 16. Nh4 Nce7 17. h3 Nf6 1/2-1/2

[Event "Bundesliga 9899"]
[Site "Deutschland"]
[Date "1999.03.21"]
[Round "13.3"]
[White "Maiwald, Jens Uwe"]
[Black "Knaak, Rainer"]
[Result "1-0"]
[WhiteElo "2467"]
[BlackElo "2540"]
[PlyCount "81"]
[EventDate "1998.10.17"]
[EventType "team"]
[EventRounds "15"]
[EventCountry "GER"]
[SourceTitle "Bundesliga 9899"]
[Source "DeepChess"]
[SourceDate "2005.01.01"]
[SourceVersion "1"]
[SourceVersionDate "2005.01.01"]
[SourceQuality "1"]
[WhiteTeam "Dresdner SC 1898"]
[BlackTeam "SAbt SV Werder Bremen"]
[WhiteTeamCountry "GER"]
[BlackTeamCountry "GER"]

1. e4 e6 2. d3 d5 3. Qe2 Be7 4. Nf3 Nf6 5. g3 O-O 6. Bg2 b5 7. O-O c5 8. e5
Nfd7 9. h4 Nc6 10. Bf4 a5 11. Nbd2 a4 12. c3 c4 13. a3 Nc5 14. Ne1 cxd3 15.
Nxd3 Nxd3 16. Qxd3 Ba6 17. Qf3 f6 18. exf6 Rxf6 19. Rfe1 Kh8 20. Qg4 Bc5 21.
Nf3 Qd7 22. Bg5 Rf5 23. Nd4 Bxd4 24. cxd4 Raf8 25. Rad1 Qf7 26. Bf4 b4 27. Rd2
bxa3 28. bxa3 Na5 29. Rc2 Bc4 30. Bd6 h5 31. Qd1 Rd8 32. Bb4 Nb3 33. Bh3 Rf6
34. f4 g6 35. Rf2 Qd7 36. f5 exf5 37. Re7 Qc6 38. Qe1 Qb6 39. Qe3 f4 40. Rxf4
Rxf4 41. Qxf4 1-0

[Event "Bundesliga 9899"]
[Site "Deutschland"]
[Date "1999.03.21"]
[Round "13.4"]
[White "Babula, Vlastimil"]
[Black "Boensch, Uwe"]
[Result "1/2-1/2"]
[WhiteElo "2565"]
[BlackElo "2533"]
[PlyCount "49"]
[EventDate "1998.10.17"]
[EventType "team"]
[EventRounds "15"]
[EventCountry "GER"]
[SourceTitle "Bundesliga 9899"]
[Source "DeepChess"]
[SourceDate "2005.01.01"]
[SourceVersion "1"]
[SourceVersionDate "2005.01.01"]
[SourceQuality "1"]
[WhiteTeam "SAbt SV Werder Bremen"]
[BlackTeam "Dresdner SC 1898"]
[WhiteTeamCountry "GER"]
[BlackTeamCountry "GER"]

1. d4 Nf6 2. c4 e6 3. Nc3 d5 4. Bg5 Be7 5. e3 h6 6. Bh4 O-O 7. Nf3 b6 8. Rc1
Bb7 9. cxd5 Nxd5 10. Bxe7 Qxe7 11. Nxd5 Bxd5 12. Be2 Rc8 13. O-O c5 14. dxc5
Rxc5 15. Rxc5 Qxc5 16. Qa4 a5 17. Ne5 Nc6 18. Nd7 Qb4 19. Bb5 Qxa4 20. Bxa4 b5
21. Bxb5 Na7 22. Ba4 Bxa2 23. b3 Rc8 24. Ra1 Rc3 25. g4 1/2-1/2

[Event "Bundesliga 9899"]
[Site "Deutschland"]
[Date "1999.03.21"]
[Round "13.5"]
[White "Tischbierek, Raj"]
[Black "Meins, Gerlef"]
[Result "1-0"]
[WhiteElo "2521"]
[BlackElo "2439"]
[PlyCount "121"]
[EventDate "1998.10.17"]
[EventType "team"]
[EventRounds "15"]
[EventCountry "GER"]
[SourceTitle "Bundesliga 9899"]
[Source "DeepChess"]
[SourceDate "2005.01.01"]
[SourceVersion "1"]
[SourceVersionDate "2005.01.01"]
[SourceQuality "1"]
[WhiteTeam "Dresdner SC 1898"]
[BlackTeam "SAbt SV Werder Bremen"]
[WhiteTeamCountry "GER"]
[BlackTeamCountry "GER"]

1. g3 d5 2. Bg2 c6 3. d4 Nf6 4. c4 Bf5 5. Nc3 e6 6. Nf3 Nbd7 7. Nh4 Bg6 8. O-O
Be7 9. Nxg6 hxg6 10. b3 O-O 11. Bb2 Qb8 12. e3 b5 13. Qe2 bxc4 14. bxc4 Nb6 15.
c5 Nc4 16. Rfb1 Qc7 17. Bc1 e5 18. Rb3 Na5 19. Rb4 Rab8 20. Ra4 Nc4 21. e4 exd4
22. Bf4 Qb7 23. Bxb8 dxc3 24. exd5 Rxb8 25. Qxc4 Nxd5 26. Be4 Bf6 27. Rb1 Qc7
28. Rxb8+ Qxb8 29. Qb3 Qe5 30. Qc2 Qe7 31. Rc4 Qd7 32. h4 Nc7 33. Qd3 Qe6 34.
Ra4 Nb5 35. Kg2 a5 36. h5 gxh5 37. Rxa5 g6 38. Ra4 Kg7 39. Rc4 Na3 40. Rxc3
Bxc3 41. Qxc3+ Kg8 42. Qf3 Qxa2 43. Bxc6 Nc2 44. Qe4 Kg7 45. Qe5+ Kg8 46. Kh2
h4 47. gxh4 Qc4 48. Be4 Qe2 49. Qf4 Nd4 50. Bd5 Ne6 51. Qf6 Qg4 52. c6 Qd1 53.
c7 Qc2 54. Bxe6 Qxc7+ 55. Kh3 fxe6 56. Qxg6+ Kh8 57. Qh6+ Kg8 58. Qxe6+ Kh7 59.
Kg4 Qc1 60. Qf5+ Kh8 61. Qh5+ 1-0

[Event "Bundesliga 9899"]
[Site "Deutschland"]
[Date "1999.03.21"]
[Round "13.6"]
[White "Heissler, Jakob"]
[Black "Borriss, Martin"]
[Result "1-0"]
[WhiteElo "2450"]
[BlackElo "2408"]
[PlyCount "91"]
[EventDate "1998.10.17"]
[EventType "team"]
[EventRounds "15"]
[EventCountry "GER"]
[SourceTitle "Bundesliga 9899"]
[Source "DeepChess"]
[SourceDate "2005.01.01"]
[SourceVersion "1"]
[SourceVersionDate "2005.01.01"]
[SourceQuality "1"]
[WhiteTeam "SAbt SV Werder Bremen"]
[BlackTeam "Dresdner SC 1898"]
[WhiteTeamCountry "GER"]
[BlackTeamCountry "GER"]

1. c4 g6 2. Nc3 Bg7 3. d4 Nf6 4. e4 d6 5. Be2 O-O 6. Nf3 e5 7. O-O Nc6 8. d5
Ne7 9. Ne1 Nd7 10. Nd3 f5 11. Bd2 Kh8 12. Rc1 c5 13. f3 Ng8 14. a3 a5 15. b3
Ndf6 16. Nf2 h5 17. Rb1 f4 18. b4 axb4 19. axb4 b6 20. Ra1 Rxa1 21. Qxa1 g5 22.
bxc5 bxc5 23. Nb5 Qe7 24. Qa7 Bd7 25. Qb6 Ne8 26. Ra1 Rf7 27. Ra7 Bf8 28. Ba5
Rg7 29. Qd8 Qf7 30. Bc3 Ngf6 31. Nd3 g4 32. Bxe5 gxf3 33. Bxf3 dxe5 34. Nxe5
Qg8 35. Nxd7 Be7 36. Nxf6 Bxd8 37. Nxg8 Rxa7 38. Nxa7 Kxg8 39. e5 Ba5 40. Nb5
Ng7 41. Be4 Kf7 42. Kf2 Ne8 43. Kf3 Bd2 44. Bd3 Ng7 45. Ke4 h4 46. Be2 1-0

[Event "Bundesliga 9899"]
[Site "Deutschland"]
[Date "1999.03.21"]
[Round "13.7"]
[White "Gauglitz, Gernot"]
[Black "Kachiani Gersinska, Ketino"]
[Result "0-1"]
[WhiteElo "2410"]
[BlackElo "2439"]
[PlyCount "86"]
[EventDate "1998.10.17"]
[EventType "team"]
[EventRounds "15"]
[EventCountry "GER"]
[SourceTitle "Bundesliga 9899"]
[Source "DeepChess"]
[SourceDate "2005.01.01"]
[SourceVersion "1"]
[SourceVersionDate "2005.01.01"]
[SourceQuality "1"]
[WhiteTeam "Dresdner SC 1898"]
[BlackTeam "SAbt SV Werder Bremen"]
[WhiteTeamCountry "GER"]
[BlackTeamCountry "GER"]

1. d4 Nf6 2. Nf3 g6 3. c4 Bg7 4. g3 O-O 5. Bg2 d6 6. O-O Nc6 7. d5 Na5 8. Nfd2
c5 9. Nc3 a6 10. Rb1 Rb8 11. b3 b5 12. Bb2 Bf5 13. e4 Bd7 14. Qc2 e5 15. Nd1
Nh5 16. cxb5 axb5 17. f4 exf4 18. Bxg7 Kxg7 19. Qc3+ Kg8 20. gxf4 b4 21. Qf3 f5
22. e5 Bb5 23. Rf2 Re8 24. e6 Nf6 25. Ne3 Bd3 26. Rc1 Ra8 27. Qd1 Qb6 28. Nf3
c4 29. Nxc4 Bxc4 30. bxc4 Ne4 31. Qd4 Qxd4 32. Nxd4 Nxf2 33. Kxf2 Rec8 34. Bf1
Nb7 35. Rc2 Nc5 36. Nc6 Kf8 37. Nxb4 Ra4 38. Nd3 Ne4+ 39. Ke3 Raxc4 40. Rb2 Nf6
41. Rb3 Rc2 42. Nb4 Ng4+ 43. Kd4 Rf2 0-1